000 00827nas a2200229 4500
001 BR8701224
003 BR-BrBNA
005 20231205090605.0
007 ta
008 230509b bl.|||p| |||| 00| 00por d
040 _aBR-BrBNA
_bpor
_cBiblioteca Nacional de Agricultura
041 _a(Pt)
072 _aN20; M11
100 1 _aSoares, F. das C.
245 1 _aSeletividade em redes de emalhar utilizadas na captura de camaroes "Rosa" Penaeus brasiliensis Latreille, 1817 e Penaeus paulensis Perez Farfante, 1967, na regiao lagunar - estuarina de Cananeia, Sao Paulo
650 _aCAMARAO ROSA
650 _aCAPTURA
650 _aREDE
773 0 _tBoletim do Instituto de Pesca (Brazil)
_xISSN 0046-9939
_g(Jul 1985), v. 12(2) p. 123-142
_wBR8701224
909 _a202311
_bLúcia
_c55
_dLúcia Elande
942 _2AGRIS
_n0
_cANA
999 _c119573
_d119573